| 000 | 01808cam a2200445 i 4500 | ||
|---|---|---|---|
| 001 | 0007411923 | ||
| 003 | OSt | ||
| 005 | 20260630191906.0 | ||
| 008 | 250130s2025 quca j 000 1 fre | ||
| 020 | _a9782897747244 | ||
| 040 |
_aQMBN _bfre _erda _cQMBN _dQMBND |
||
| 041 | 1 |
_afre _heng |
|
| 082 | 0 | 4 |
_aALB MAC _bM161a _223/fre/202509 |
| 084 |
_a828/.92 _bM161a _2z |
||
| 091 | 0 | _aMCL | |
| 100 | 1 |
_aMcLaughlin, Eoin _eauteur |
|
| 240 | 1 | 0 |
_aOnce I was a tree. _lFrançais |
| 245 | 1 | 0 |
_aAvant, j'étais un arbre / _cécrit par un livre (avec l'aide d'Eoin McLaughlin) ; illustré par Guilherme Karsten ; traduction : Carole Tremblay |
| 264 | 1 |
_aMontréal (Québec) : _bla Courte échelle, _c[2025] |
|
| 300 |
_a1 volume (non paginé) _billustrations en couleur ; _c30 cm |
||
| 336 |
_atexte _btxt _2rdacontent |
||
| 336 |
_aimage fixe _bsti _2rdacontent |
||
| 337 |
_asans mďiation _bn _2rdamedia |
||
| 338 |
_avolume _bnc _2rdacarrier |
||
| 521 | _aPour enfants de 4 ans et plus | ||
| 650 | 7 |
_aArbres _vFiction _2vmj |
|
| 650 | 7 |
_aCycles biologiques _vFiction _2vmj |
|
| 650 | 7 |
_aCroissance (Plantes) _vFiction _2vmj |
|
| 650 | 7 |
_aMťamorphose _vFiction _2vmj |
|
| 650 | 7 |
_aLivres _vFiction _2vmj |
|
| 650 | 7 |
_aArt de conter _vFiction _2vmj |
|
| 655 | 7 |
_aDocuments pour la jeunesse _2rvmgf |
|
| 655 | 7 |
_aLivres d'images _2rvmgf |
|
| 700 | 1 |
_aKarsten, Guilherme _eillustrateur |
|
| 700 | 1 |
_aTremblay, Carole, _d1959- _etraducteur |
|
| 700 | 1 |
_iTraduction de : _aMcLaughlin, Eoin _tOnce I was a tree |
|
| 942 |
_2ddc _cALBUM |
||
| 999 |
_c18922 _d18922 |
||